Numerical analysis : mathematics of scientific computing (Record no. 9647)
[ view plain ]
| 000 -LEADER | |
|---|---|
| fixed length control field | 00497 a2200169 4500 |
| 020 ## - INTERNATIONAL STANDARD BOOK NUMBER | |
| International Standard Book Number | 0534389058 |
| 040 ## - CATALOGING SOURCE | |
| Original cataloging agency | DLC |
| Language of cataloging | DLC |
| 082 00 - DEWEY DECIMAL CLASSIFICATION NUMBER | |
| Classification number | 519.4 |
| 100 1# - MAIN ENTRY--PERSONAL NAME | |
| Personal name | Kincaid, David |
| 245 10 - TITLE STATEMENT | |
| Title | Numerical analysis : mathematics of scientific computing |
| Statement of responsibility, etc. | David Kincaid, Ward Cheney. |
| 250 ## - EDITION STATEMENT | |
| Edition statement | 3rd ed. |
| 260 ## - PUBLICATION, DISTRIBUTION, ETC. | |
| Place of publication, distribution, etc. | Pacific Grove, CA : |
| Name of publisher, distributor, etc. | Brooks/Cole, |
| Date of publication, distribution, etc. | c2002. |
| 300 ## - PHYSICAL DESCRIPTION | |
| Extent | xiv, 788 p. : |
| Other physical details | ill. ; |
| Dimensions | 25 cm. |
| 650 #0 - SUBJECT ADDED ENTRY--TOPICAL TERM | |
| Topical term or geographic name entry element | Numerical analysis. |
| 700 1# - ADDED ENTRY--PERSONAL NAME | |
| Personal name | Cheney, E. W. |
| Dates associated with a name | 1929- |
| 942 ## - ADDED ENTRY ELEMENTS (KOHA) | |
| Koha item type | Book |
| Call number prefix | 519.4 KIN |
| Source of classification or shelving scheme | |
| Withdrawn status | Lost status | Damaged status | Not for loan | Collection code | Permanent Location | Current Location | Shelving location | Date acquired | Source of acquisition | Cost, normal purchase price | Total Checkouts | Full call number | Barcode | Date last seen | Date last checked out | Price effective from | Koha item type |
|---|---|---|---|---|---|---|---|---|---|---|---|---|---|---|---|---|---|
| Central Library (CL) | Central Library (CL) | General Stacks | 03/09/2004 | Allied Book Company | 1599.39 | 2 | 519.4 KIN | SEECS004231 | 01/28/2026 | 03/07/2019 | 01/05/2017 | Book |
